ICMS explained, (Record no. 121648)
[ view plain ]
| 000 -LEADER | |
|---|---|
| fixed length control field | 01413nam a22002657a 4500 |
| 008 - FIXED-LENGTH DATA ELEMENTS--GENERAL INFORMATION | |
| fixed length control field | 230825s2022 xxk|||||o|||| 00| 0 eng d |
| 020 ## - INTERNATIONAL STANDARD BOOK NUMBER | |
| ISBN | 9781783214778 |
| 041 ## - LANGUAGE CODE | |
| Language code of text/sound track or separate title | eng |
| 110 ## - MAIN ENTRY--CORPORATE NAME | |
| Corporate author | Royal Institution of Chartered Surveyors |
| 245 ## - TITLE STATEMENT | |
| Title | ICMS explained, |
| Subtitle | A user guide for the International Cost Management Standard (ICMS) third edition |
| 250 ## - EDITION | |
| Edition statement | 3rd |
| 260 ## - PUBLICATION INFORMATION | |
| Place of publication | London, |
| Publisher | RICS, |
| Date | August 2022 |
| 300 ## - PHYSICAL DESCRIPTION | |
| Physical description | 59p. |
| 500 ## - GENERAL NOTE | |
| General note | Supersedes 2nd edition ISBN 9781783213986 |
| 520 ## - ABSTRACT | |
| Abstract | A practical resource that will equip quantity surveyors and cost consultants to deliver cost estimates and financial reports in line with ICMS. It also sets out the purpose, context and philosophy of ICMS. Practitioners will find ICMS Explained valuable as a reference document to address questions of the terminology used and how ICMS rules could apply to a specific project situation. It also sets out how ICMS is used in practice by drawing on and illustrating real examples of where it is already in use. |
| 650 ## - KEYWORDS | |
| Keywords | Construction |
| 650 ## - KEYWORDS | |
| Keywords | International Construction Measurement Standards |
| 651 ## - SUBJECT ADDED ENTRY--GEOGRAPHIC NAME | |
| Geographic name | International |
| 690 ## - BROAD SUBJECT | |
| 9 (RLIN) | 6256 |
| Broad subject | Measurement |
| 690 ## - BROAD SUBJECT | |
| 9 (RLIN) | 6230 |
| Broad subject | Construction management |
| 700 ## - ADDED PERSONAL NAME | |
| Added personal author | Horner, Malcolm |
| 700 ## - ADDED PERSONAL NAME | |
| Added personal author | Fry, Chris |
| 856 ## - ONLINE RESOURCE | |
| Uniform Resource Identifier | <a href="https://www.rics.org/content/dam/ricsglobal/documents/standards/icms-3-explained.pdf">https://www.rics.org/content/dam/ricsglobal/documents/standards/icms-3-explained.pdf</a> |
| Public note | Available on RICS.org |
| 942 ## - ADDED ENTRY ELEMENTS (KOHA) | |
| Suppress in OPAC | Do not suppress in OPAC |
No items available.